|
|
|
|
| LEADER |
00000naa0a2200000 4500 |
| 001 |
598883 |
| 005 |
20250404110653.0 |
| 035 |
|
|
|a (RuTPU)RU\TPU\tpu\22687
|
| 035 |
|
|
|a RU\TPU\tpu\22686
|
| 090 |
|
|
|a 598883
|
| 100 |
|
|
|a 20130212d2005 k y0rusy50 ca
|
| 101 |
0 |
|
|a rus
|
| 102 |
|
|
|a RU
|
| 200 |
1 |
|
|a Инновационная стратегия развития и подготовка специалистов в вузе
|f Г. А. Барышева, Е. Е. Пономарева
|
| 333 |
|
|
|a В фонде НТБ ТПУ отсутствует
|
| 463 |
|
|
|t Интеграция профессионального образования в мировое образовательное пространство и инновационные педагогические технологии
|o материалы всероссийской научно-практической конференции, Новосибирск, 17-19 мая 2005 г.
|v С. 11-16
|d 2005
|
| 610 |
1 |
|
|a труды учёных ТПУ
|
| 700 |
|
1 |
|a Барышева
|b Г. А.
|c экономист
|c профессор Томского политехнического университета, доктор экономических наук
|f 1961-
|g Галина Анзельмовна
|3 (RuTPU)RU\TPU\pers\25765
|9 11658
|
| 701 |
|
1 |
|a Пономарева
|b Е. Е.
|
| 801 |
|
1 |
|a RU
|b 63413507
|c 20130211
|
| 801 |
|
2 |
|a RU
|b 63413507
|c 20130212
|g RCR
|
| 942 |
|
|
|c BK
|